| 000 | 00760nam a2200217 u 4500 | ||
|---|---|---|---|
| 001 | 000348479 | ||
| 003 | AM-YeHGA | ||
| 005 | 20250618072159.0 | ||
| 008 | 040702s1976 ai r 000 0 arm d | ||
| 040 | _aAM-YeHGA | ||
| 041 | 0 | _aarm | |
| 080 | _aAp2 | ||
| 090 | _aԹ-15 | ||
| 100 | 1 |
_aԹաթիկյան, Շահեն Ստեփանի, _d1924-1992 _91127 |
|
| 245 | 1 | 0 |
_aՆվերը : _bԿրտսեր տարիքի դպր. համար / _cՇ.Ս. Թաթիկյան; Խմբ.՝ Ռ.Հ. Քալաշյան. |
| 260 |
_aԵրևան : _bՍովետական գրող, _c1976. |
||
| 300 |
_a128 էջ : _bնկ. ; _c17 սմ. |
||
| 650 | 1 | 4 |
_aՀայ մանկական գրականություն _xՊատմվածք |
| 700 | 1 |
_aՔալաշյան, Ռ.Հ. _eխմբ. _4edt |
|
| 090 | _c134375 | ||
| 999 |
_c133008 _d133008 |
||